| 000 | 01304nam a2200313 a 4500 | ||
|---|---|---|---|
| 001 | ebr10080959 | ||
| 003 | CaPaEBR | ||
| 006 | m u | ||
| 007 | cr cn||||||||| | ||
| 008 | 010205s2000 enka sb 001 0 eng d | ||
| 020 | _z0761964339 (hard) | ||
| 020 | _z0761964347 (pbk.) | ||
| 040 |
_aCaPaEBR _cCaPaEBR |
||
| 035 | _a(OCoLC)70774199 | ||
| 050 | 1 | 4 |
_aHD31 _b.I556 2000eb |
| 082 | 0 | 4 |
_a658.4/02 _221 |
| 245 | 0 | 4 |
_aThe innovating organization _h[electronic resource] / _cedited by Andrew M. Pettigrew and Evelyn M. Fenton. |
| 260 |
_aLondon ; _aThousand Oaks, Calif. : _bSage, _c2000. |
||
| 300 |
_axiii, 335 p. : _bill. |
||
| 504 | _aIncludes bibliographical references (p. [301]-322) and index. | ||
| 533 |
_aElectronic reproduction. _bPalo Alto, Calif. : _cebrary, _d2013. _nAvailable via World Wide Web. _nAccess may be limited to ebrary affiliated libraries. |
||
| 650 | 0 |
_aOrganizational change _zEurope _vCase studies. |
|
| 650 | 0 |
_aIndustrial organization _zEurope _vCase studies. |
|
| 655 | 7 |
_aElectronic books. _2local |
|
| 700 | 1 |
_aPettigrew, Andrew M. _q(Andrew Marshall), _d1944- |
|
| 700 | 1 | _aFenton, Evelyn M. | |
| 710 | 2 | _aebrary, Inc. | |
| 856 | 4 | 0 |
_uhttp://site.ebrary.com/lib/rucke/Doc?id=10080959 _zAn electronic book accessible through the World Wide Web; click to view |
| 999 |
_c157876 _d157876 |
||